[Event "East Detroit (MCO/6)"]
[Site "?"]
[Date "1983.??.??"]
[Round "?"]
[White "Franke, R.."]
[Black "Haakonstad, Olaf"]
[Result "1-0"]
[WhiteElo "1845"]
[BlackElo "1605"]
[PlyCount "67"]
[EventDate "1983.??.??"]

1. d4 Nf6 2. c4 e6 3. Nc3 Bb4 4. e3 d5 5. Nf3 c6 6. Bd3 dxc4 7. Bxc4 b5 8. Bd3
Qa5 9. Bd2 Nd5 10. Qc2 Nd7 11. O-O N7f6 12. Nxd5 Bxd2 13. Qxc6+ Kd8 14. Nxf6
gxf6 15. Bxb5 Bb4 16. Qxa8 Qxb5 17. Qxa7 Qh5 18. Qb6+ Kd7 19. Qxb4 Rg8 20. Ne1
Ba6 21. Qa4+ Bb5 22. Qa7+ Kd6 23. Qc5+ Qxc5 24. dxc5+ Kxc5 25. Nf3 e5 26. Rfc1+
Kd6 27. a4 Be2 28. Ne1 h5 29. f3 h4 30. Kf2 h3 31. Kxe2 hxg2 32. Nc2 Rh8 33.
Rg1 Rxh2 34. Kf2 1-0

[Event "East Detroit (MCO/4)"]
[Site "?"]
[Date "1983.??.??"]
[Round "?"]
[White "Franke, R.."]
[Black "Arganian, David G"]
[Result "0-1"]
[WhiteElo "1845"]
[BlackElo "2140"]
[PlyCount "56"]
[EventDate "1983.??.??"]

1. d4 Nf6 2. c4 e6 3. Nc3 Bb4 4. e3 c5 5. Bd3 Nc6 6. Nf3 Bxc3+ 7. bxc3 d6 8.
O-O e5 9. d5 Ne7 10. e4 h6 11. Ne1 Bd7 12. f4 Ng6 13. fxe5 Nxe5 14. Nf3 Bg4 15.
h3 Nxf3+ 16. gxf3 Bxh3 17. Rf2 g5 18. Rh2 Bd7 19. Bxg5 Rg8 20. f4 hxg5 21. f5
Qe7 22. Rb1 b6 23. a4 O-O-O 24. a5 Qe5 25. axb6 Qg3+ 26. Rg2 Qe3+ 27. Kf1 Rh8
28. Rg1 Rh2 0-1

[Event "East Detroit (MCO/2)"]
[Site "?"]
[Date "1983.??.??"]
[Round "?"]
[White "Forte, Joe"]
[Black "Proszkow, T.."]
[Result "1-0"]
[WhiteElo "2000"]
[BlackElo "1680"]
[PlyCount "71"]
[EventDate "1983.??.??"]

1. d4 Nf6 2. c4 g6 3. Nc3 Bg7 4. e4 d6 5. f3 O-O 6. Be3 Nc6 7. Qd2 e5 8. Nge2
Nd7 9. Bg5 f6 10. Bh4 a6 11. d5 Ne7 12. g4 Nc5 13. Bf2 h6 14. Be3 Kh7 15. h4
Bd7 16. Ng3 b5 17. Be2 c6 18. g5 Ng8 19. O-O-O b4 20. Nb1 h5 21. dxc6 b3 22. a3
f5 23. cxd7 Na4 24. exf5 gxf5 25. Nxh5 Bh8 26. g6+ Kxg6 27. Qxd6+ Kh7 28. Rhg1
Nf6 29. Bd3 e4 30. fxe4 Nxb2 31. e5 Nxd3+ 32. Rxd3 b2+ 33. Kc2 Ng4 34. Rxg4
fxg4 35. Qh6+ Kg8 36. Qg6+ 1-0

[Event "East Detroit (MCO/6)"]
[Site "?"]
[Date "1983.??.??"]
[Round "?"]
[White "Forte, Joe"]
[Black "Libby, Dan"]
[Result "1-0"]
[WhiteElo "2000"]
[BlackElo "1680"]
[PlyCount "113"]
[EventDate "1983.??.??"]

1. d4 g6 2. e4 Bg7 3. c4 c5 4. Nf3 cxd4 5. Nxd4 Qb6 6. Nb3 Nc6 7. Nc3 Qd8 8. g3
Nf6 9. Bg2 O-O 10. O-O d6 11. h3 Ne8 12. Be3 Be6 13. Qe2 Qc8 14. Kh2 Ne5 15.
Nd5 Qxc4 16. Qxc4 Nxc4 17. Nxe7+ Kh8 18. Bd4 Nxb2 19. Rab1 Bxd4 20. Nxd4 Nd3
21. Rxb7 Bxa2 22. Rd1 Nc5 23. Rb2 Be6 24. e5 d5 25. Nxd5 Bxd5 26. Bxd5 Rd8 27.
Nc6 Rd7 28. Rbd2 Ng7 29. Bg2 Rxd2 30. Rxd2 a6 31. Ra2 f6 32. Bd5 fxe5 33. Nxe5
Nge6 34. Kg2 Rf5 35. f4 g5 36. Bxe6 Nxe6 37. Rxa6 Nd4 38. Rd6 gxf4 39. Rxd4
Rxe5 40. gxf4 Ra5 41. Rd7 Ra2+ 42. Kg3 Ra3+ 43. Kg4 Ra4 44. Kg5 Kg8 45. f5 Ra3
46. h4 Ra6 47. Re7 h6+ 48. Kh5 Rf6 49. Kg4 Kf8 50. Re6 Kf7 51. Rxf6+ Kxf6 52.
Kf4 Kf7 53. Ke5 Ke7 54. f6+ Ke8 55. Kf5 h5 56. Kg6 Kf8 57. f7 1-0

[Event "East Detroit (MCO/4)"]
[Site "?"]
[Date "1983.??.??"]
[Round "?"]
[White "Forte, Joe"]
[Black "Brattin, Vincent"]
[Result "1-0"]
[WhiteElo "2000"]
[BlackElo "1750"]
[PlyCount "71"]
[EventDate "1983.??.??"]

1. d4 d5 2. c4 Be6 3. Nc3 Nf6 4. cxd5 Nxd5 5. e4 Nxc3 6. bxc3 c6 7. Bd3 g6 8.
Ne2 f6 9. Qc2 Bg7 10. Be3 O-O 11. h4 Bf7 12. h5 e5 13. hxg6 Bxg6 14. Ng3 Qc7
15. Nf5 Rd8 16. Qe2 Nd7 17. Ne7+ Kf7 18. Nxg6 hxg6 19. Bc4+ Ke8 20. Bh6 Nf8 21.
Bxg7 Qxg7 22. Rd1 Rd7 23. Rd3 Rad8 24. d5 Rd6 25. Rdh3 cxd5 26. Bxd5 Rb6 27.
O-O g5 28. Rd3 Ng6 29. g3 Ke7 30. Qg4 Rh8 31. Bb3 Nf8 32. Rfd1 Rh7 33. Rd7+ Ke8
34. Rxg7 Rxg7 35. Qc8+ Ke7 36. Qd8# 1-0

[Event "East Detroit (MCO/2)"]
[Site "?"]
[Date "1983.??.??"]
[Round "?"]
[White "Foord, Allan"]
[Black "Thomas, Carlton"]
[Result "1/2-1/2"]
[WhiteElo "1660"]
[BlackElo "1965"]
[PlyCount "106"]
[EventDate "1983.??.??"]

1. e4 e6 2. d4 d5 3. Nc3 Bb4 4. e5 Ne7 5. a3 Bxc3+ 6. bxc3 c5 7. Qg4 Ng6 8.
Bb5+ Bd7 9. Bg5 Qa5 10. Bxd7+ Nxd7 11. Bd2 Qa6 12. f4 f5 13. Qe2 Qxe2+ 14. Nxe2
Rc8 15. O-O cxd4 16. Nxd4 Nc5 17. Rab1 O-O 18. g3 Rfe8 19. Nb5 Ne4 20. Be1 b6
21. Nxa7 Ra8 22. Nb5 Rec8 23. Rf3 Nf8 24. Rb3 Nd7 25. Rb4 g5 26. h3 h5 27. Kg2
g4 28. hxg4 hxg4 29. Rf1 Kg7 30. Rh1 Rh8 31. Rxh8 Kxh8 32. Nc7 Rxa3 33. Nxe6
Ra1 34. Bf2 Rc1 35. Nd4 Ndc5 36. Rxb6 Rd1 37. Rh6+ Kg7 38. Rh1 Rxh1 39. Kxh1
Nxf2+ 40. Kg2 Nfe4 41. Nxf5+ Kf8 42. Ne3 Nxc3 43. Nxg4 N3e4 44. Kf3 Ke7 45. Nf2
Nxf2 46. Kxf2 Ke6 47. g4 Na6 48. Ke3 Nb4 49. c3 Nc6 50. Kd3 Ne7 51. c4 dxc4+
52. Kxc4 Nd5 53. f5+ Kxe5 1/2-1/2

[Event "East Detroit (MCO/4)"]
[Site "?"]
[Date "1983.??.??"]
[Round "?"]
[White "Foord, Allan"]
[Black "Lewis, Derrick"]
[Result "1-0"]
[WhiteElo "1660"]
[BlackElo "1840"]
[PlyCount "81"]
[EventDate "1983.??.??"]

1. e4 e5 2. Nf3 Nf6 3. Nxe5 d6 4. Nf3 Nxe4 5. Qe2 Qe7 6. d4 Bg4 7. Be3 Nc6 8.
c3 d5 9. h3 Bh5 10. Nbd2 f5 11. Qb5 f4 12. Qxd5 Bxf3 13. gxf3 Nxf2 14. Kxf2
Qxe3+ 15. Kg2 Qxd2+ 16. Kg1 Qe3+ 17. Kg2 Be7 18. Bc4 Qd2+ 19. Kg1 Nd8 20. Rh2
Qe3+ 21. Rf2 g6 22. Kf1 Qe6 23. Qxe6 Nxe6 24. Bxe6 Kf8 25. Re2 Re8 26. Re4 g5
27. Rae1 Bf6 28. d5 Rd8 29. Rc4 c6 30. dxc6 bxc6 31. Rxc6 h5 32. Rc7 Rh6 33.
Rf7+ Ke8 34. Bb3+ Be5 35. Rxe5+ Re6 36. Rxe6+ Kxf7 37. Rd6+ Ke7 38. Rxd8 Kxd8
39. c4 g4 40. hxg4 h4 41. Kg2 1-0

[Event "Ann Arbor (MI Op/1)"]
[Site "?"]
[Date "1983.??.??"]
[Round "?"]
[White "Fisher, R.."]
[Black "Laren, Philip"]
[Result "0-1"]
[WhiteElo "1970"]
[BlackElo "2155"]
[PlyCount "48"]
[EventDate "1983.??.??"]

1. Nf3 Nf6 2. c4 e6 3. Nc3 d5 4. e3 c5 5. d4 Nc6 6. Be2 cxd4 7. exd4 dxc4 8.
O-O Be7 9. Bxc4 O-O 10. Be3 a6 11. a3 b5 12. Be2 Bb7 13. b4 Nd5 14. Qd3 Nxc3
15. Qxc3 Rc8 16. Qb3 Bf6 17. Rfd1 Ne7 18. Rac1 Nf5 19. Rxc8 Qxc8 20. Ne5 Bd5
21. Qd3 Qb7 22. Bf3 Bxe5 23. dxe5 Bxf3 24. Bc5 Bxd1 0-1

[Event "Ann Arbor (MI Op/3)"]
[Site "?"]
[Date "1983.??.??"]
[Round "?"]
[White "Fisher, R.."]
[Black "Braak, Dairen"]
[Result "1/2-1/2"]
[WhiteElo "1970"]
[BlackElo "1840"]
[PlyCount "107"]
[EventDate "1983.??.??"]

1. Nf3 d5 2. c4 c6 3. d4 Nf6 4. cxd5 cxd5 5. Bf4 Nc6 6. e3 e6 7. a3 Bd6 8. Bxd6
Qxd6 9. Nc3 O-O 10. Be2 a6 11. O-O b5 12. b4 Nd7 13. Nd2 f6 14. Nb3 Ne7 15. e4
Qf4 16. exd5 exd5 17. Bf3 Nb6 18. Re1 Ra7 19. Nc5 Qd6 20. a4 bxa4 21. N3xa4 Nc4
22. Nc3 Kh8 23. b5 a5 24. b6 Qxb6 25. Nxd5 Qd6 26. Nxe7 Rxe7 27. Rxe7 Qxe7 28.
Qa4 Nd2 29. Qd1 Nxf3+ 30. Qxf3 Re8 31. Qe3 Qd8 32. Qc3 Qb6 33. h3 Qb4 34. Qxb4
axb4 35. Rb1 Bf5 36. Rxb4 Re1+ 37. Kh2 h5 38. d5 Rd1 39. Rb8+ Kh7 40. Rd8 Rc1
41. Nb3 Rc3 42. Na5 Rc8 43. Rxc8 Bxc8 44. Kg3 g5 45. h4 Kg6 46. Nc4 Bb7 47. d6
Kf7 48. hxg5 fxg5 49. Ne5+ Ke6 50. f3 Bd5 51. Kf2 Kxd6 52. Nd3 g4 53. fxg4 hxg4
54. g3 1/2-1/2

[Event "Ann Arbor (MI Op/6)"]
[Site "?"]
[Date "1983.??.??"]
[Round "?"]
[White "Fischvogt, Eric"]
[Black "Thomas, Carlton"]
[Result "0-1"]
[WhiteElo "2205"]
[BlackElo "2010"]
[PlyCount "58"]
[EventDate "1983.??.??"]

1. d4 Nf6 2. c4 g6 3. Nc3 Bg7 4. e4 d6 5. f3 O-O 6. Be3 Nc6 7. Nge2 a6 8. Qd2
Rb8 9. g4 b5 10. O-O-O bxc4 11. h4 Nb4 12. Ng3 c5 13. Bxc4 cxd4 14. Bxd4 Nc6
15. Be3 Ne5 16. Be2 Be6 17. h5 Qa5 18. Kb1 Rfc8 19. Bg5 Rxc3 20. Qxc3 Qxa2+ 21.
Kc2 Rc8 22. Qxc8+ Bxc8 23. Ra1 Qe6 24. hxg6 fxg6 25. Rh4 Qd7 26. b3 Qc7+ 27.
Bc4+ Be6 28. Rc1 Bxc4 29. bxc4 Nxf3 0-1

[Event "Ann Arbor (MI Op/2)"]
[Site "?"]
[Date "1983.??.??"]
[Round "?"]
[White "Fischvogt, Eric"]
[Black "Gaba, H.."]
[Result "1/2-1/2"]
[WhiteElo "2205"]
[BlackElo "1825"]
[PlyCount "85"]
[EventDate "1983.??.??"]

1. d4 Nf6 2. c4 e6 3. Nc3 d5 4. Bg5 Be7 5. e3 O-O 6. Nf3 Nbd7 7. Rc1 a6 8. a3
dxc4 9. Bxc4 b5 10. Ba2 Bb7 11. O-O Rc8 12. Qe2 h6 13. Bf4 Bd6 14. Ne5 Bxe5 15.
dxe5 Nd5 16. Rfd1 Nxf4 17. exf4 Qe7 18. Bb1 Rfd8 19. Rd3 Nf8 20. Rg3 f5 21.
exf6 Qxf6 22. Qe3 c5 23. Qe5 Qxe5 24. fxe5 Rd2 25. Rc2 Rcd8 26. Rxd2 Rxd2 27.
b4 cxb4 28. axb4 Rb2 29. f4 a5 30. Bd3 Rxb4 31. f5 exf5 32. Nxb5 Be4 33. Nd6
Bxd3 34. Rxd3 f4 35. Rd5 a4 36. Ra5 Ne6 37. Ra8+ Kh7 38. h4 Kg6 39. Kf2 Kh5 40.
Re8 a3 41. Ra8 Rb3 42. Nc4 Kxh4 43. Rxa3 1/2-1/2

[Event "Ann Arbor (MI Op/4)"]
[Site "?"]
[Date "1983.??.??"]
[Round "?"]
[White "Fischvogt, Eric"]
[Black "Bautista, L.."]
[Result "1-0"]
[WhiteElo "2205"]
[BlackElo "1830"]
[PlyCount "51"]
[EventDate "1983.??.??"]

1. d4 Nf6 2. c4 e6 3. Nc3 b6 4. e4 Bb4 5. Bd3 Bb7 6. Qe2 c5 7. a3 Bxc3+ 8. bxc3
d6 9. Nf3 O-O 10. O-O Re8 11. e5 dxe5 12. dxe5 Nfd7 13. Rd1 Qc8 14. Bf4 Nc6 15.
Ng5 Nf8 16. Qh5 h6 17. Ne4 f5 18. Nd6 Re7 19. h4 g5 20. hxg5 hxg5 21. Bxg5 Rh7
22. Qe2 Rg7 23. f4 Nd8 24. Nxb7 Qxb7 25. Bxf5 Rxg5 26. Be4 1-0

[Event "Ann Arbor (MI Op/5)"]
[Site "?"]
[Date "1983.??.??"]
[Round "?"]
[White "Fischman, R.."]
[Black "VanCamp, W.."]
[Result "1/2-1/2"]
[WhiteElo "1900"]
[BlackElo "2030"]
[PlyCount "72"]
[EventDate "1983.??.??"]

1. e4 c5 2. Nf3 Nc6 3. d4 cxd4 4. Nxd4 e5 5. Nb5 a6 6. Nd6+ Bxd6 7. Qxd6 Qf6 8.
Qc7 Nge7 9. Nc3 O-O 10. Be3 d5 11. Nxd5 Nxd5 12. exd5 Nd4 13. Bd3 Bf5 14. O-O
e4 15. Bxd4 Qxd4 16. Qc4 Qxb2 17. Bxe4 Rac8 18. Qd3 Bxe4 19. Qxe4 Rfe8 20. Qf5
Qxc2 21. Qxc2 Rxc2 22. d6 Rd2 23. Rfd1 Rxd1+ 24. Rxd1 Rd8 25. Kf1 f6 26. a4 Kf7
27. Rb1 Rd7 28. Ke2 Ke6 29. Rb6 h5 30. h4 g6 31. g3 Kd5 32. a5 Rxd6 33. Rxb7
Kc6 34. Rb2 Kc5 35. Ke3 Kc4 36. Rb6 Kc5 1/2-1/2

[Event "Ann Arbor (MI Op/2)"]
[Site "?"]
[Date "1983.??.??"]
[Round "?"]
[White "Fischman, R.."]
[Black "Crispin, T.."]
[Result "0-1"]
[WhiteElo "1900"]
[BlackElo "2215"]
[PlyCount "54"]
[EventDate "1983.??.??"]

1. e4 e6 2. d4 d5 3. exd5 exd5 4. Nf3 Bf5 5. Bd3 Bg6 6. O-O Bd6 7. Re1+ Ne7 8.
Bg5 f6 9. Bxg6+ hxg6 10. Qd3 Qd7 11. Bh4 Qg4 12. h3 Qh5 13. Bg3 Bxg3 14. fxg3
Nbc6 15. Nc3 O-O-O 16. Nh4 Kb8 17. a3 g5 18. Nf3 g4 19. hxg4 Qxg4 20. Kf2 Nf5
21. Ne2 Rde8 22. c3 a6 23. Rh1 Nd6 24. Rxh8 Rxh8 25. Nd2 Ne4+ 26. Nxe4 dxe4 27.
Qe3 g5 0-1

[Event "Ann Arbor (MI Op/4)"]
[Site "?"]
[Date "1983.??.??"]
[Round "?"]
[White "Fischman, R.."]
[Black "Almquist, W.."]
[Result "1-0"]
[WhiteElo "1900"]
[BlackElo "1605"]
[PlyCount "50"]
[EventDate "1983.??.??"]

1. e4 c5 2. Nf3 d6 3. d4 cxd4 4. Nxd4 Nf6 5. Nc3 a6 6. Bg5 e6 7. f4 b5 8. e5
dxe5 9. fxe5 Qc7 10. Qe2 Nfd7 11. O-O-O Bb7 12. Qg4 Be7 13. Nxe6 fxe6 14. Bxe7
Qxe5 15. Bd6 Qf6 16. Be2 Nc6 17. Ne4 Qg6 18. Qxg6+ hxg6 19. Ng5 Nce5 20. Nxe6
Kf7 21. Nc7 Rac8 22. Rdf1+ Kg8 23. Rf2 Nc4 24. Bxc4+ bxc4 25. Re1 Rxh2 1-0

[Event "Ann Arbor (MI Op/2)"]
[Site "?"]
[Date "1983.??.??"]
[Round "?"]
[White "Finegold, Ben"]
[Black "Small, L.."]
[Result "1-0"]
[WhiteElo "2145"]
[BlackElo "2035"]
[PlyCount "67"]
[EventDate "1983.??.??"]

1. c4 b6 2. Nc3 Bb7 3. e4 c5 4. Nf3 e6 5. d4 cxd4 6. Nxd4 a6 7. Be3 d6 8. Be2
Nf6 9. f3 Be7 10. O-O Nbd7 11. Qe1 O-O 12. Qf2 Rc8 13. Rfd1 Qc7 14. a3 Rfd8 15.
Rac1 Ne8 16. b4 Rb8 17. Nd5 exd5 18. cxd5 Nc5 19. bxc5 bxc5 20. Nf5 Bf6 21. Bd4
Bxd4 22. Rxd4 Qa5 23. Rd3 Bc8 24. Ne7+ Kf8 25. Nc6 Qb6 26. Nxb8 Qxb8 27. f4 Bd7
28. e5 dxe5 29. Qxc5+ Kg8 30. fxe5 Qxe5 31. Re3 Qf6 32. Rf1 Qh6 33. Qe7 Be6 34.
Rxe6 1-0

[Event "Ann Arbor (MI Op/6)"]
[Site "?"]
[Date "1983.??.??"]
[Round "?"]
[White "Finegold, Ben"]
[Black "Poschel, Paul"]
[Result "1/2-1/2"]
[WhiteElo "2145"]
[BlackElo "2275"]
[PlyCount "37"]
[EventDate "1983.??.??"]

1. e4 c5 2. Nf3 e6 3. d4 cxd4 4. Nxd4 Nc6 5. Nb5 d6 6. c4 a6 7. N5c3 Nf6 8. Be3
Be7 9. Be2 O-O 10. O-O b6 11. f4 Qc7 12. Bf3 Bb7 13. Qe2 Rab8 14. Nd2 Rfc8 15.
Rac1 Qd8 16. a3 Nd7 17. Rfd1 Qe8 18. b4 Ba8 19. Nb3 1/2-1/2

[Event "Ann Arbor (MI Op/4)"]
[Site "?"]
[Date "1983.??.??"]
[Round "?"]
[White "Finegold, Ben"]
[Black "O'Donnell, Robert"]
[Result "1/2-1/2"]
[WhiteElo "2145"]
[BlackElo "2140"]
[PlyCount "35"]
[EventDate "1983.??.??"]

1. c4 e5 2. Nc3 Nc6 3. Nf3 Nf6 4. g3 Bb4 5. Bg2 O-O 6. O-O Re8 7. d3 Bxc3 8.
bxc3 e4 9. Nd4 exd3 10. exd3 h6 11. Qb3 Ne5 12. Ba3 d6 13. h3 c5 14. Nc2 Bf5
15. d4 Nxc4 16. Qxc4 Bxc2 17. Bxb7 Rb8 18. Bc6 1/2-1/2

[Event "Southfield (MEX/2)"]
[Site "?"]
[Date "1983.??.??"]
[Round "?"]
[White "Finegold, Ben"]
[Black "Noren, Kevin"]
[Result "1-0"]
[WhiteElo "2070"]
[BlackElo "2165"]
[PlyCount "93"]
[EventDate "1983.??.??"]

1. e4 e5 2. Nf3 Nc6 3. c3 Nf6 4. d4 d6 5. Bd3 Be7 6. O-O O-O 7. Qc2 h6 8. Rd1
Qe8 9. Nbd2 Nd7 10. Nf1 Bf6 11. d5 Ne7 12. Ng3 Ng6 13. Nh5 Be7 14. Qd2 Qd8 15.
g3 Re8 16. b4 Bf8 17. Kg2 Nh8 18. g4 Nf6 19. Nxf6+ Qxf6 20. Kg3 Ng6 21. h4 c6
22. h5 Nf4 23. dxc6 Qe6 24. Nh2 Nxh5+ 25. Kg2 Nf4+ 26. Kh1 bxc6 27. Qe1 Qf6 28.
f3 Be7 29. Bc4 Bb7 30. Bxf4 Qxf4 31. Rd3 d5 32. Bb3 Rad8 33. Rad1 Ba6 34. c4 d4
35. a4 Bc8 36. b5 h5 37. gxh5 Rd6 38. Qd2 Qxd2 39. R3xd2 cxb5 40. cxb5 Rh6 41.
Rc2 Bd8 42. Rxc8 Rxh5 43. Ra8 Rf8 44. Rxa7 Bg5 45. Kg2 Be3 46. Ng4 Rg5 47. Kf1
1-0

[Event "Southfield (MEX/1)"]
[Site "?"]
[Date "1983.??.??"]
[Round "?"]
[White "Finegold, Ben"]
[Black "Gregor, P.."]
[Result "1/2-1/2"]
[WhiteElo "2070"]
[BlackElo "2195"]
[PlyCount "29"]
[EventDate "1983.??.??"]

1. b3 e5 2. Bb2 Nc6 3. e3 Nf6 4. d4 exd4 5. exd4 d5 6. Nf3 Bg4 7. Be2 Bd6 8.
O-O Bxf3 9. Bxf3 Ne7 10. c4 c6 11. Nc3 O-O 12. Qd3 Qd7 13. g3 Rad8 14. Rad1
Rfe8 15. Rfe1 1/2-1/2

[Event "East Detroit (MCO/1)"]
[Site "?"]
[Date "1983.??.??"]
[Round "?"]
[White "Finegold, Ben"]
[Black "DeJongh, John"]
[Result "1-0"]
[WhiteElo "2180"]
[BlackElo "1605"]
[PlyCount "103"]
[EventDate "1983.??.??"]

1. e4 e5 2. f4 Bc5 3. Nf3 d6 4. c3 Nc6 5. d4 exd4 6. cxd4 Bb6 7. Nc3 Bg4 8. d5
Nd4 9. Be2 Nxe2 10. Qxe2 Nf6 11. Be3 Bxe3 12. Qxe3 O-O 13. O-O-O Re8 14. Qd4 b6
15. h3 Bxf3 16. gxf3 Nh5 17. Rhg1 Qf6 18. Rg4 Qxd4 19. Rxd4 g6 20. Rc4 Rac8 21.
Ne2 Nf6 22. Rg2 Nd7 23. Nd4 Nc5 24. Kd2 b5 25. Rc1 a6 26. b4 Nxe4+ 27. fxe4
Rxe4 28. Nc6 Kf8 29. f5 Rf4 30. fxg6 fxg6 31. Re1 Kg7 32. Re7+ Kh6 33. Ke3 Rcf8
34. Nd4 Rh4 35. Ne6 Rxh3+ 36. Ke2 Rf5 37. Nxc7 Rh4 38. Rf2 Rxf2+ 39. Kxf2 Rxb4
40. Re6 Rb2+ 41. Ke3 Rxa2 42. Rxd6 b4 43. Rb6 a5 44. d6 Ra1 45. Nd5 Re1+ 46.
Kd2 Re8 47. d7 Rd8 48. Rd6 Kg7 49. Ne7 Kf7 50. Nc6 a4 51. Nxd8+ Ke7 52. Nb7 1-0

[Event "East Detroit (MCO/5)"]
[Site "?"]
[Date "1983.??.??"]
[Round "?"]
[White "Finegold, Ben"]
[Black "Carroll, Deuvoy"]
[Result "1-0"]
[WhiteElo "2180"]
[BlackElo "1975"]
[PlyCount "67"]
[EventDate "1983.??.??"]

1. c4 Nf6 2. Nc3 g6 3. e4 d6 4. d4 Bg7 5. f3 Nbd7 6. Nge2 c6 7. Be3 Qc7 8. Qd2
h6 9. g3 Nb6 10. b3 Bd7 11. Bg2 c5 12. Rd1 h5 13. dxc5 dxc5 14. Nf4 Rd8 15. O-O
O-O 16. Qf2 Rc8 17. Nd3 Ng4 18. fxg4 Bxc3 19. gxh5 gxh5 20. Bxc5 Bg4 21. Bf3
Bh3 22. Bxh5 Bxf1 23. Rxf1 Qd7 24. Bxf7+ Kg7 25. Qf4 Bf6 26. Ne5 Qh3 27. Be3
Rcd8 28. Be6 Qh5 29. Nf7 Rd3 30. Qh6+ Qxh6 31. Bxh6+ Kg6 32. Bxf8 Nd7 33. e5
Nc5 34. exf6 1-0

[Event "East Detroit (MCO/4)"]
[Site "?"]
[Date "1983.??.??"]
[Round "?"]
[White "Everett, Morgan"]
[Black "Thomas, Carlton"]
[Result "1-0"]
[WhiteElo "2035"]
[BlackElo "1965"]
[PlyCount "83"]
[EventDate "1983.??.??"]

1. e4 e6 2. d3 d5 3. Nd2 Nf6 4. Ngf3 Nc6 5. e5 Nd7 6. Qe2 b6 7. g3 Ba6 8. Bh3
Nb4 9. Nb3 c5 10. a3 Nc6 11. O-O Be7 12. Re1 Qc7 13. Bg2 Rc8 14. Bf4 O-O 15.
Nbd2 Rfd8 16. c3 Nf8 17. h4 Ng6 18. Kh1 Nxf4 19. gxf4 d4 20. c4 Bb7 21. Ne4 Bf8
22. Rg1 Ne7 23. Nfg5 h6 24. Qh5 g6 25. Nf6+ Kg7 26. Bxb7 Qxb7+ 27. Nge4 Kh8 28.
Qg4 Bg7 29. Rg2 Nf5 30. h5 gxh5 31. Nxh5 Rg8 32. Rag1 Qa8 33. Kh2 Qb8 34. Nxg7
Rxg7 35. Qxg7+ Nxg7 36. Rxg7 Rg8 37. Rxg8+ Qxg8 38. Rxg8+ Kxg8 39. Kh3 Kg7 40.
Kg4 Kg6 41. Nf6 a6 42. a4 1-0

[Event "East Detroit (MCO/6)"]
[Site "?"]
[Date "1983.??.??"]
[Round "?"]
[White "Everett, Morgan"]
[Black "Palmer, Tony"]
[Result "0-1"]
[WhiteElo "2035"]
[BlackElo "1820"]
[PlyCount "50"]
[EventDate "1983.??.??"]

1. e4 e5 2. f4 exf4 3. Nf3 d6 4. Bc4 h6 5. O-O Nc6 6. d4 g5 7. g3 Bg7 8. c3 g4
9. Bxf4 gxf3 10. Qxf3 Qf6 11. e5 dxe5 12. dxe5 Qe7 13. Na3 Be6 14. Bb5 O-O-O
15. Qe3 Bf8 16. b4 Nxb4 17. cxb4 Qxb4 18. Rac1 Qxa3 19. Rc3 Qa5 20. a4 Qb6 21.
Rfc1 Ne7 22. Rxc7+ Kb8 23. Qxb6 axb6 24. R7c2 Nd5 25. Bd2 Bc5+ 0-1

[Event "Ann Arbor (MI Op/2)"]
[Site "?"]
[Date "1983.??.??"]
[Round "?"]
[White "Everett, Morgan"]
[Black "Noren, Kevin"]
[Result "0-1"]
[WhiteElo "2030"]
[BlackElo "2150"]
[PlyCount "80"]
[EventDate "1983.??.??"]

1. e4 c5 2. Nf3 e6 3. Nc3 Nf6 4. d4 cxd4 5. Nxd4 Bb4 6. Bd3 e5 7. Nde2 d5 8.
exd5 Nxd5 9. Bb5+ Nc6 10. O-O Be6 11. Ne4 Be7 12. c4 Nc7 13. Qa4 Nxb5 14. Qxb5
a6 15. Qb3 O-O 16. Qg3 Bxc4 17. Bh6 g6 18. Rfd1 Qb6 19. Bxf8 Rxf8 20. N2c3 f5
21. b3 Be6 22. Ng5 Bxg5 23. Qxg5 Qc5 24. Qe3 Nd4 25. Kh1 f4 26. Qe4 f3 27. Rac1
fxg2+ 28. Kxg2 Rf4 29. Qe3 Qc6+ 30. f3 Nxf3 31. Rd8+ Kg7 32. Nd5 Nh4+ 33. Kg1
Rg4+ 34. Kf2 Rg2+ 35. Ke1 Rg1+ 36. Qxg1 Qxc1+ 37. Kf2 Qd2+ 38. Kg3 Nf5+ 39. Kh3
Bxd5 40. Rd7+ Kh6 0-1

[Event "East Detroit (MCO/3)"]
[Site "?"]
[Date "1983.??.??"]
[Round "?"]
[White "Everett, Morgan"]
[Black "Bolda, Dan G"]
[Result "1-0"]
[WhiteElo "2035"]
[BlackElo "1820"]
[PlyCount "73"]
[EventDate "1983.??.??"]

1. f4 e5 2. e4 Bc5 3. Nf3 d6 4. c3 Bg4 5. h3 Bd7 6. d4 exd4 7. cxd4 Bb6 8. Bc4
h6 9. O-O Ne7 10. Qe1 Nbc6 11. Be3 a6 12. Nc3 Na5 13. Bd3 Nac6 14. a3 Ba7 15.
f5 b5 16. Qg3 Rg8 17. Nd5 Nxd5 18. exd5 Ne7 19. Rae1 Kf8 20. f6 Nf5 21. Bxf5
Bxf5 22. fxg7+ Rxg7 23. Bxh6 Qf6 24. Bxg7+ Qxg7 25. Qh4 Bd3 26. Rf2 Re8 27.
Rxe8+ Kxe8 28. Kh2 Bc4 29. Qe4+ Kd8 30. Ng5 Qxg5 31. Rxf7 Kc8 32. Qe8+ Qd8 33.
Qc6 Kb8 34. Rd7 Qc8 35. Re7 Bxd5 36. Qxd5 Qf8 37. Qe4 1-0

[Event "Ann Arbor (MI Op/6)"]
[Site "?"]
[Date "1983.??.??"]
[Round "?"]
[White "Everett, Morgan"]
[Black "Bautista, L.."]
[Result "1/2-1/2"]
[WhiteElo "2030"]
[BlackElo "1830"]
[PlyCount "48"]
[EventDate "1983.??.??"]

1. d4 Nf6 2. c4 e6 3. Nc3 d5 4. cxd5 exd5 5. Bg5 Be7 6. e3 c6 7. Qc2 Nbd7 8.
Bd3 h6 9. Bh4 O-O 10. Nf3 Re8 11. O-O Ne4 12. Nxe4 dxe4 13. Bxe4 Bxh4 14. Rfd1
Qe7 15. Bd3 Nb6 16. Re1 Bg4 17. Ne5 Be6 18. Nf3 Bg4 19. Ne5 Be6 20. Nf3 Bf6 21.
Nd2 Rac8 22. Rac1 c5 23. dxc5 Nd5 24. a3 Qc7 1/2-1/2

[Event "Ann Arbor (MI Op/4)"]
[Site "?"]
[Date "1983.??.??"]
[Round "?"]
[White "Everett, Morgan"]
[Black "Alaton, I.."]
[Result "1-0"]
[WhiteElo "2030"]
[BlackElo "1790"]
[PlyCount "95"]
[EventDate "1983.??.??"]

1. e4 e5 2. Nf3 Nf6 3. Nxe5 d6 4. Nf3 Nxe4 5. d4 Be7 6. Bd3 Nf6 7. c4 O-O 8.
Nc3 Re8 9. O-O Bg4 10. Bg5 Nbd7 11. Bc2 Nf8 12. Qd3 h6 13. Bh4 Bh5 14. Bg3 Bg6
15. Qd2 Bxc2 16. Qxc2 Qd7 17. Rad1 Qg4 18. Rfe1 Ng6 19. Nb5 Qc8 20. c5 a6 21.
cxd6 axb5 22. dxe7 Nd5 23. Ne5 Ngxe7 24. Qb3 c6 25. a3 Qf5 26. Rd3 Ng6 27. Rf3
Qd7 28. h3 Nxe5 29. dxe5 f6 30. Rfe3 Qe6 31. Re4 f5 32. Rd4 g5 33. f3 Kg7 34.
Rd3 Ra4 35. Bf2 Rc4 36. Red1 Re7 37. Qa2 Ra4 38. b3 Ra8 39. Qb2 Kg6 40. Re1 b4
41. axb4 Nxb4 42. Rd6 Qxd6 43. exd6 Rxe1+ 44. Bxe1 Nd3 45. Qe2 Nf4 46. Qe5 Ra2
47. d7 Rxg2+ 48. Kh1 1-0

[Event "East Detroit (MCO/3)"]
[Site "?"]
[Date "1983.??.??"]
[Round "?"]
[White "Eagle, Chris"]
[Black "Wilson, R.."]
[Result "0-1"]
[WhiteElo "1860"]
[BlackElo "1625"]
[PlyCount "42"]
[EventDate "1983.??.??"]

1. e4 c5 2. Nf3 d6 3. d4 cxd4 4. Nxd4 Nf6 5. Bc4 e6 6. Nc3 a6 7. Bb3 b5 8. O-O
Be7 9. f4 Bb7 10. Qe2 b4 11. Na4 Nxe4 12. Be3 Nd7 13. Bxe6 fxe6 14. Nxe6 Qc8
15. Bd4 Bf6 16. Nxg7+ Bxg7 17. Bxg7 Rg8 18. Qh5+ Kd8 19. Qxh7 Kc7 20. c3 Nef6
21. Qh6 Qf8 0-1

[Event "East Detroit (MCO/4)"]
[Site "?"]
[Date "1983.??.??"]
[Round "?"]
[White "Eagle, Chris"]
[Black "Morris, Jason"]
[Result "1-0"]
[WhiteElo "1860"]
[BlackElo "1605"]
[PlyCount "44"]
[EventDate "1983.??.??"]

1. e4 d5 2. exd5 Nf6 3. d4 Nxd5 4. Nf3 Bg4 5. c4 Nb6 6. Be3 Nc6 7. Be2 Bxf3 8.
Bxf3 Nxc4 9. Qa4 Nb6 10. Bxc6+ bxc6 11. Qxc6+ Qd7 12. Qxd7+ Kxd7 13. Nd2 g6 14.
O-O Bg7 15. Nb3 Nd5 16. Rac1 Rab8 17. Rc5 e6 18. Rfc1 Nb4 19. Bf4 Kd8 20. Rc6
Kd7 21. Rxc7+ Kd8 22. Rxa7 Nd5 1-0

[Event "East Detroit (MCO/1)"]
[Site "?"]
[Date "1983.??.??"]
[Round "?"]
[White "Eagle, Chris"]
[Black "Beltramello, R.."]
[Result "1-0"]
[WhiteElo "1860"]
[BlackElo "1605"]
[PlyCount "29"]
[EventDate "1983.??.??"]

1. e4 c5 2. Nf3 d6 3. d4 cxd4 4. Nxd4 Nf6 5. Bc4 e6 6. Nc3 Be7 7. Be3 a6 8. Bb3
O-O 9. f4 Qc7 10. g4 b5 11. g5 Nfd7 12. Bxe6 Nc5 13. Nd5 Qd8 14. Bxc8 Qxc8 15.
Nxe7+ 1-0